000
00223nam a22000857a 4500
008
160916b xxu||||| |||| 00| 0 eng d
100
_9
546
_a
Manku.V
245
_a
Our Environment-2
260
_a
New Delhi
_b
Ranchna Publications
_c
2010
999
_c
3203
_d
3203